| 000 | 00722cam a2200205 a 4500 | ||
|---|---|---|---|
| 005 | 20160104113157.0 | ||
| 008 | 930607s1994 -usabd b 001 0 eng | ||
| 020 | _a0881922498 : | ||
| 040 |
_aDLC _cDLC _dDLC _dCO-BoIAVH |
||
| 041 | 1 | _aeng | |
| 082 | 0 | 0 |
_a333.95316 _bG53p |
| 100 | 1 | _aGiven, David R. | |
| 245 | 1 | 0 |
_aPrinciples and practice of plant conservation / _cDavid R. Given. |
| 260 |
_aPortland, Oregon : _bTimber Press, _cc1994. |
||
| 300 |
_aviii, 292 páginas : _bIlustraciones, mapa, gráficos ; _c27 x 19 cm. |
||
| 504 | _aIncludes bibliographical references (p. 251-279) and index. | ||
| 650 | 6 | _aConservación de plantas | |
| 650 | 6 |
_aDiversidad vegetal _xConservación |
|
| 942 |
_2ddc _cLIBRO |
||
| 999 |
_c322 _d322 |
||